000 00316nam a22001457a 4500
008 210526b ||||| |||| 00| 0 eng d
020 _a9780323242547
041 _aeng
080 _22nd
_a61
082 _a61
100 _a3
101 _aSHM
245 _aMedical Assistant
_cBetsy J. Shiland
942 _2udc
_cBK
999 _c57611
_d57611